00854nam a22002417a 450000500170000001000130001702000210003003500130005103700160006404000120008008200150009210000250010724501320013226000360026427000460030030000270034650000190037365000360039265000190042894200240044799900190047195201220049020170124110022.0 aA-782107 c00.00a812500744 aA-782107 bCen Lib/Ret aDPLbEN a509.2bSPR aSproule, Anna919977 aThomas A. Edison /cby Anna Sproulebhow electricity was harnessed for domestic use by one of the great inventors of all time / aHyderabadbOrient Longmanc1995 a3-6-272, HimayatnagarbHyderabade500 029 a64p. :c18cm(Hb)bill. aIncludes index aHow electricity is made.919978 aEdison.919979 2ddccENh509.2mSPR c127269d127269 00104070aLbLd2015-06-29eCen Lib/Retg0.00l0o509.2 SPRpA-782107r2015-06-29 00:00:00t1v0.00w2015-06-29yEN